[Event "GRE-ch South U16 Girls"]
[Site "Athens"]
[Date "2020.09.02"]
[Round "6"]
[White "Andriopoulou, Eleni"]
[Black "Dereka, Konstantina"]
[Result "1/2-1/2"]
[WhiteElo "1361"]
[BlackElo "1577"]
[PlyCount "60"]
[EventDate "2020.08.28"]
[EventType "swiss"]
[EventRounds "9"]
[EventCountry "GRE"]
[SourceTitle "EXT 2023"]
[Source "ChessBase"]
[SourceDate "2022.10.05"]
[SourceVersion "1"]
[SourceVersionDate "2022.10.05"]
[SourceQuality "1"]

1. e4 c5 2. c3 d5 3. exd5 Qxd5 4. d4 g6 5. Nf3 Bg7 6. Be3 cxd4 7. Bxd4 Nf6 8. Nbd2 Nc6 9. Bc4 Qd6 10. Qe2 0-0 11. 0-0-0 a6 12. h4 b5 13. Bb3 Nxd4 14. Nxd4 b4 15. Nc4 Qc5 16. cxb4 Qxb4 17. Kb1 Bb7 18. f3 a5 19. Ne5 Bd5 20. Nec6 Bxc6 21. Nxc6 Qb7 22. Nxe7+ Kh8 23. Nd5 Rfb8 24. Rd2 a4 25. Bc4 Nd7 26. h5 Qc6 27. hxg6 fxg6 28. Nf4 Qf6 29. Nd5 Qc6 30. Nf4 Qf6 1/2-1/2

[Event "GRE-ch South U16 Girls"]
[Site "Athens"]
[Date "2020.08.29"]
[Round "2"]
[White "Andriopoulou, Eleni"]
[Black "Pessiridi, Christiana"]
[Result "1-0"]
[WhiteElo "1361"]
[BlackElo "1096"]
[PlyCount "71"]
[EventDate "2020.08.28"]
[EventType "swiss"]
[EventRounds "9"]
[EventCountry "GRE"]
[SourceTitle "EXT 2023"]
[Source "ChessBase"]
[SourceDate "2022.10.05"]
[SourceVersion "1"]
[SourceVersionDate "2022.10.05"]
[SourceQuality "1"]

1. e4 e5 2. Nf3 Nc6 3. d4 exd4 4. Nxd4 Nf6 5. Nc3 Bc5 6. Nb3 Bb4 7. Bd3 d5 8. exd5 Nxd5 9. Bd2 Be6 10. 0-0 Qd7 11. a3 Bd6 12. Ne4 Bf4 13. Re1 0-0-0 14. Nec5 Qd6 15. Nxe6 fxe6 16. Qg4 Rde8 17. Bxf4 Nxf4 18. Rad1 h5 19. Qf3 Nd5 20. c4 Ref8 21. Qe4 Nf4 22. Bf1 Qe7 23. g3 Qg5 24. Kh1 Ng6 25. Qxe6+ Kb8 26. Rd5 Qe7 27. Nc5 Rd8 28. Re3 Rd6 29. Rxd6 cxd6 30. Qxg6 Ne5 31. Qe4 h4 32. Nd3 Rh5 33. Nxe5 Rxe5 34. Qxh4 Rxe3 35. fxe3 Qxe3 36. Qd8# 1-0